| 000 | 00938cab a2200253 4500 | ||
|---|---|---|---|
| 001 | ABS40318 | ||
| 008 | 090401t1989 xxu||||| |||| 00| 0 eng d | ||
| 035 | _a(Sirsi) u23047 | ||
| 041 | _aeng | ||
| 100 | _aKhosrowshahi, F. | ||
| 245 | _aDeveloping new software for budgeting and forecasting project expenditure patterns | ||
| 260 | _c1989 | ||
| 350 | _a0 | ||
| 490 |
_aBuilding Technology & Management _v27(1) February/March 1989, 25-28(4) |
||
| 520 | _aDescribes development of a simulation model for client and contractor for forecasting future project expenditure and revenue. The model can be used for various categories of construction projects and has been fully computerised. | ||
| 650 | _aBUILT ENVIRONMENT-BUILDING COSTS | ||
| 650 | _aBUILDING INDUSTRY | ||
| 650 | _aCOMPUTERS | ||
| 650 | _aS CURVE | ||
| 690 | _aBUILDING AND CONSTRUCTION-COMPUTERS | ||
| 700 | _aHowes, R. | ||
| 942 | _n0 | ||
| 948 | _c04/03/1997 | ||
| 999 |
_c15444 _d15444 |
||